000 00918cab a22002055a 4500
001 L152620
008 110405s2011 xxk 000 0 eng d
035 _a(Sirsi) u152620
041 0 _aeng
100 1 _aGlynne, Laurence
245 0 0 _aWest End attracts cash investors
260 _c2011
490 _aSustainablebuilding inc Propertyforecast
_v(51) March 2011, 16(1)
520 _aWest End specialist estate agency LDG points to cash buyer increases: 20% rise in West End property cash buyers in Q4 2010 over same quarter 2009. Investors seem to be transferring their investment funds from the banks to property and the West End commercial property market is particularly buoyant at the moment.
590 _aKA
651 4 _aLondon
690 _aPROPERTY-COMMERCIAL PROPERTY-COMMERCIAL PROPERTY MARKET
690 _aPROPERTY-COMMERCIAL PROPERTY-COMMERCIAL PROPERTY FINANCE AND INVESTMENT
942 _n0
999 _c83031
_d83031